Quizzes
Events
Quiz Creation
Community
Videos
Private Events
Remove Ads
Sign In
Join for FREE
Feedback
Dark Mode
Quiz Categories
Sports
Geography
Music
Movies
Television
Just For Fun
Miscellaneous
History
Literature
Language
Science
Gaming
Entertainment
Religion
Holiday
For Kids
Quiz Lab
Recent
Popular Today
Quiz Kudos Today
Editor Picks
Curator Picks
Quizzes by...
Day
Popularity
Type
Ratings
Length
Year
Community
Subscriptions
Recent Discussions
Orange Saloon
Badges
Playlists
Quests
Create
Leaderboards
Showdown
Live 5
Trivia Bingo
Activity
Puzzle Library
Sporcle Events
Private Events
Virtual Trivia
Globe League
Become a Host
Pub Owners
SporcleCon
Opinionation
Our Games
Videos
Blog
Mobile Apps
Partnerships
Remove Ads and Go Orange
Feedback
Religion
Mythology
Religious Music
World Religions
Bible
Christianity
Catholicism
Judaism
Church
Scripture
Islam
Verse
Religion
Mythology
Religious Music
World Religions
Bible
Christianity
Catholicism
Judaism
Church
Scripture
Islam
Verse
Random Quiz
Search Sporcle
×
Editor Pick
Editor Pick
Religion
Verse
Click on answers out of a set of options
Click on answers out of a set of options
Multiple Choice
Best Score? Go Orange.
Historical Events of Palm Sunday From The Bible Stats
Can you choose the missing word(s) from the Bible describing the events celebrated now on Palm Sunday
By
dancinginhistory
4m
10 Questions
566 Plays
566 Plays
566 Plays
Comments
Comments
Give Quiz Kudos
Give Quiz Kudos
-
- Ratings
hide this ad
Random Order
Randomize order of answers
Randomize order of answers
Replay
Link that replays current quiz
Next Quiz
Link to next quiz in quiz playlist
You Got
0%
They Got
Avg Score
64%
Avg Friend Score
Upgrade to see
Score Distribution
Jump to the score distribution portion of the page
Score
0/10
Timer
04:00
0
Plays Today
Question
Answer
Wrong Answers
The two who were sent went off and found it just as _____ had said to them. Luke 19:32 (NTE)
Jesus
81%
Peter
6%
Mary
4.8%
John
6.2%
As they were untying the colt, its owners asked them, “Why are you untying the colt?” They replied, “The Lord needs it.” They brought it to ____, threw their cloaks on the colt and put ____ on it. Luke 19:33-35 (NIV)
Jesus
80.5%
the king
5.9%
David
4.1%
Peter
5.2%
Untie it and bring it here. If anyone asks you, ‘Why are you untying it?’ you shall say this: '_______ has need of it.’” Luke 19:30-31 (ESV)
The Lord
78.5%
My friend
7.5%
Someone
6%
The poor
7.1%
Then many in the crowd spread out their coats along the road before him, while others threw down ________ from the fields. Mark 11:8 (TLB)
leafy branches
68.6%
wheat
8.7%
fruits
3%
flowers
6.9%
This was done to fulfill the ancient prophecy, “Tell ______ her King is coming to her, riding humbly on a donkey’s colt!” Matthew 21:4-5 (TLB)
Jerusalem
66.4%
everybody
5.3%
the queen
7.3%
Mary
13%
saying, “Blessed is the King who comes in the name of the Lord! Peace in heaven and glory in the highest!” And some of the _____ in the crowd said to him, “Teacher, rebuke your disciples.” Luke 19:38-39 (ESV)
Pharisees
65.7%
guards
6.7%
merchants
5.5%
Romans
7.8%
Then the crowds spread out their robes along the road ahead of him, and as they reached the place where the road started down from the Mount of Olives, the _______ began to shout and sing as they walked along, praising God.. Luke 19:37 (TLB)
whole procession
63.4%
women
9.9%
merchants
5.2%
twelve disciples
8.2%
...at the mountain called Olivet, that He sent two of His disciples, saying, “Go into the village opposite you, where as you enter you will find ______tied, on which no one has ever sat. Luke 19:29-30 (NKJV)
a colt
62.9%
a chair
13%
a rug
4.6%
a camel
19.5%
But He said, “If they kept quiet, _____ would do it for them, shouting praise.” Luke 19:40 (MSG)
the stones
43.2%
others
27.5%
the colt
3.4%
the birds
11%
Shout aloud, O daughter of Jerusalem! Behold, your king is coming to you; righteous and having ______ is he,humble and mounted on a donkey, on a colt, the foal of a donkey. Zechariah 9:9-10 (ESV) prophecy from 520-518 BC
salvation
36.8%
joy
6.2%
wisdom
32.7%
peace
12.6%
Quiz Playlist
Details
Report
Send in Message
Add To Playlist
Multiple Choice:
Click on answers out of a set of options
Random Order:
Randomize order of answers
Last Updated: Mar 19, 2018
Editor Pick in
Religion
Curator Pick in
Verse
Quiz Scoreboard
CHALLENGE
Sign Up to Join the Scoreboard
Show All
Scores
Hide
Comments
May contain spoilers
Recently Published
College Basketball Coaching Resumes
by pancakes188
Sports
9m
Billboard Blitz: Fleetwood Mac
by CooCooCachoo
Music
15s
Presidents Visiting Landmarks
by Hejman
History
7m
More to Explore
Quiz From the Vault
Featured Blog Post
Where Did the Easter Bunny Come From?
hide this ad
You Might Also Like...
Tags
Bible Quiz
Christianity Quiz
Easter Quiz
Religious Holiday Quiz
Verse Quiz
Donkey
Gideon Bible
Hebrew Bible
Jesus Christ
Love
prophecy
World History
Today's Top Quizzes in Religion
Browse Religion
hide this ad
Today's Top Quizzes in Verse
Browse Verse
Top Contributed Quizzes in Religion
1
5-to-1: Children of Gods
2
5-to-1: European Churches
3
One Thing in Common: Mythology
4
One Thing in Common: Mythology II
5
10 to 1: Islam
6
Prime Time: Religion
7
One Thing in Common: Religion
8
Order Up: Seven Last Words of Christ
9
Mythological Creature Bunker
10
One Thing in Common: Religion and Mythology
Explore More
Trending Topics
Harry Potter
Marvel
Anime
Disney
NBA
Crossword
Kpop
WWE
Country
Song
Pokémon
Puzzle
NFL
The Office
Soccer
hide this ad
More By:
dancinginhistory
Quiz
Plays
Rating
Category
Featured
Created
A Friend Indeed! TV Friends and Partners
63,539
4.57
Television
Aug 13, 2018
Woe to the Foe: Enemies on Television
26,264
4.38
Television
Nov 15, 2018
A Friend Indeed! TV Friends and Partners II
20,801
4.49
Television
Aug 20, 2018
A Friend Indeed! TV Friends and Partners III
18,372
4.34
Television
Aug 31, 2018
Spousal Support: Spouses on Television
17,156
4.52
Television
Aug 22, 2018
Go to Creator's Profile
Score Distribution
Quiz Creator Spotlight
dancinginhistory
Follow
Send a Message
Quizzes Created
-
Created Quiz Play Count
-
More By This Creator
Popular Quizzes Today
1
Find the US States - No Outlines Minefield
2
Find the Countries of Europe - No Outlines Minefield
3
The Countries of the World
4
Find the US States
5
Risky Map Clicking: Biggest States A-Z
6
US States
7
Popular People in 1961
8
Movies - When Are They Set?
More Religion Quizzes
Christmas Pick: Scripture
Quiz Lab
Trending Quizzes
Risky Map Clicking: Least Populous States A-Z
1-10 Letter G Words
1-10 Letter F Words
Risky Map Clicking: Next State Alphabetically
Risky Map Clicking: Biggest States A-Z
Recently Updated
Leaping Animals
pecheneg
Reality TV Shows (A-Z)
bhenderson79
Rickey Henderson's Hall of Fame Teammates
pecheneg
Champions League XIs: Arsenal
pecheneg
Quick Pick: Celebrities in WWE's Hall of Fame
aduchscher
A-Z Keypad Blitz II
pecheneg
Multiple Oscar Actors
pecheneg
Mystery Phrase Blitz: Oscar 'Best Actors'
pecheneg
F. Scott Fitzgerald Novels
LTH
Pick 3 Villains
ddd62291
Trending Topics
Crossword
Kpop
Disney
NBA
Marvel
Anime
Harry Potter
Puzzle
Pokémon
Soccer
NFL
Country
The Office
Song
WWE
Your Account Isn't Verified!
In order to create a playlist on Sporcle, you need to verify the email address you used during registration. Go to your
Sporcle Settings
to finish the process.
Report this User
Report this user for behavior that violates our
Community Guidelines
.
Details:
Send Report
Go to the Sporcle.com Mobile Site →
Comments